00630cam a2200229 a 4500001000800000005001700008008004100025010001700066020002200083040001800105041000800123043001200131080001900143082002300162100000700185101000800192245006200200504006400262906004500326942001200371999001700383119988420180223080825.0980814s1998 vau b 001 0 eng  a 98040095  a0871203073 (pbk.) aDLCcDLCdDLC aeng an-us--- a371.200973 LAM00a371.200973 LAM2211 a54 aLID10aBuilding leadership capacity in schools /cLinda Lambert. aIncludes bibliographical references (p. 126-130) and index. a7bcbccorignewd1eocipf19gy-gencatlg 2ddccBK c43288d43288